- Kagan, M.: A művészet dialektikája. Leningrádi Egyetem, 1964. 231 p.
Elmentve itt :
| Szerző: | |
|---|---|
| Adatforrás: | Philobibl |
| Forrásdokumentuma: | Magyar Filozófiai Szemle 10 1966/5., 852-856. p. |
| Dokumentumtípus: | Cikk |
| Nyelv: | magyar |
| LEADER | 00338nab a2200097 c 4500 | ||
|---|---|---|---|
| 001 | bibDOK00007638 | ||
| 005 | 20200924120337.6 | ||
| 008 | 060518s1966 hu hun | ||
| 100 | 1 | |a Mikecz Tamás | |
| 245 | 1 | 0 | |a - Kagan, M.: A művészet dialektikája. Leningrádi Egyetem, 1964. 231 p. |c Mikecz Tamás |
| 773 | 0 | |t Magyar Filozófiai Szemle 10 |g 1966/5., 852-856. p. | |